Responses for Show #2117 - Tuesday, November 16, 1993

1993 Tournament of Champions quarterfinal game 2.

Contestants

[<< previous game]

Phoebe Juel, a College Tournament winner from Sylva, North Carolina

Linda Sheppard, a housewife from Hayward, California

Ed Schiffer, a college lecturer from Santa Monica, California

[next game >>]

Jeopardy! Round responses

SICKNESS & HEALTH
THE FUNNIES
TRAVEL U.S.A.
PLAYS
PEOPLE
HODGEPODGE
    $100 19
Insulin

Ed
    $100 25
B.D.

Linda
    $100 10
Ocean

Phoebe
    $100 1
Agatha Christie

Ed
    $100 20
Mario Cuomo

Ed
    $100 26
Sauerkraut

Phoebe
    $200 12
(L: What is Pre-Menstrual Stress?)
(Alex: Linda, good news for you - our researchers during the break were checking that out & they found it to be acceptable.)

Pre-Menstrual Syndrome

EdLinda
    $500 4
Cathy

Phoebe
    $200 11
Philadelphia

Phoebe
    $200 2
Miss Jean Brodie

Ed
    $200 21
David Copperfield

Phoebe
    $200 27
Henna

Linda
    $300 16
Malaria

Ed
    $300 5
Hagar the Horrible

Linda
    $300 13
Horse

Phoebe
    $300 3
One Flew Over The Cuckoo's Nest

Phoebe
    $300 22
King Juan Carlos

Linda
    $300 28
Fashion design

Ed
    $400 17
calisthenics

Ed
    $400 6
Grimm

Linda
    $400 14
Kansas City

Phoebe
    $400 8
12 Angry Men

Ed
    $400 23
Hugh Downs

Ed
    $400 29
Monaco

Phoebe
    $500 18
Pneumonia

Phoebe
    $500 7
Real estate agent

Linda
    $500 15
Oklahoma City

Triple Stumper
    $500 9
Nathanael West

Ed
    $500 24
Alan Greenspan

Phoebe
    $500 30
Melbourne

Ed

Scores at the first commercial break (after clue 15):

Ed Linda Phoebe
$1,400 $1,400 $1,800

Scores at the end of the Jeopardy! Round:

Ed Linda Phoebe
$3,500 $2,000 $3,500

Double Jeopardy! Round responses

GEOGRAPHY
ANCIENT WISDOM
TEETH
LIBRARIES
PSYCHOLOGY
WILLIAM & MARY
    $200 3
Volcanoes

Phoebe
    $200 1
Time

Phoebe
    $200 11
Mammoths

Phoebe
    $200 30
South Dakota

Phoebe
    $200 17
Delphic oracle

Linda
    $200 15
(P: What is Edinburgh?)

York

LindaPhoebe
    $400 4
Indian Ocean

Phoebe
    $400 2
It gathers no moss

Ed
    $400 12
Bridge

Ed
    $400 29
Rhode Island

Ed
    $400 18
Boxing

Phoebe
    $400 20
Westminster Abbey

Phoebe
    $600 5
Peace

Phoebe
    $600 8
Plato

Linda
    $600 13
Impacted

Phoebe
    $600 28
Library of Congress

Ed
    $600 19
Cats

Ed
    $600 21
Samuel Pepys

Linda
    $1,000 6
(P: What is Saudi Arabia?)

United Arab Emirates

Phoebe
    $800 9
Euripides

Linda
    $800 14
Al dente

Ed
    $1,000 26
Pittsburgh

Phoebe
    $800 22
Existentialism

Phoebe
    $800 23
Charles I

Ed
    $1000 7
Ulan Bator

Linda
    $1000 10
Aristophanes

Linda
    $1000 16
(L: What are the bicuspids?)

Canines

Linda
Triple Stumper
    $1000 27
Bodleian Library

Ed
    $1000 25
Tourette's Syndrome

Phoebe
    $1000 24
Glorious Revolution

Linda

Scores at the end of the Double Jeopardy! Round:

Ed Linda Phoebe
$8,500 $6,400 $8,300

Final Jeopardy! Round responses

LITERARY TERMS
(Alex: What was Jonathan Swift famous for?)
...
(Alex: [To Linda] Nope, you went for the obvious instead of the allegorical.)
...
(Alex: [To Phoebe] Yes, it looks like you were writing with a shaky hand there, Phoebe. Your nerves, uh, didn't bother you, though. You came up with the correct response.)
LindaWhat is a mirror
$6,400
PhoebeWhat is satire
$5,000
EdWhat is satire?
$8,101
satire

Final scores:

Ed Linda Phoebe
$16,601 $0 $13,300
Automatic semifinalist 3rd place: $1,000 if eliminated 2nd place: $1,000 if eliminated

Game dynamics:

Coryat scores:

Ed Linda Phoebe
$8,500 $6,400 $8,800
20 R,
0 W
15 R,
1 W
23 R
(including 2 DDs),
2 W
(including 1 DD)

Combined Coryat: $23,700

[game clues] [game scores] [suggest correction]

Game tape date: 1993-10-11
The J! Archive is created by fans, for fans. Scraping, republication, monetization, and malicious use prohibited; this site may use cookies and collect identifying information. See terms. The Jeopardy! game show and all elements thereof, including but not limited to copyright and trademark thereto, are the property of Jeopardy Productions, Inc. and are protected under law. This website is not affiliated with, sponsored by, or operated by Jeopardy Productions, Inc. Join the discussion at JBoard.tv.